| 000 | 00586nam a22001937a 4500 | ||
|---|---|---|---|
| 005 | 20241122124016.0 | ||
| 010 | _aENG-142496 | ||
| 020 |
_c595.00 _a9789387162952 |
||
| 035 | _aEN-126028 | ||
| 037 | _bDBAD | ||
| 082 |
_a500 _26 |
||
| 100 |
_aChatterjee, Utpal _974038 |
||
| 245 |
_aADVANCED MATHEMATICAL ANALYSIS: _bTHEORY & PROBLEMS INCLUDING MCQ'S/ _cBy Utpal Chatterjee |
||
| 250 | _a6 | ||
| 260 |
_c2022 _bAcademic Publishers _aKolkatta |
||
| 270 |
_a5A Bhawani Dutta Lane _bKolkatta _e700073 |
||
| 300 |
_aviii,728p _c24cm(pb) |
||
| 942 |
_2ddc _cEN _h500 _mCHA |
||
| 999 |
_c206833 _d206833 |
||